| 000 -LEADER |
| fixed length control field |
00691nam a2200193Ia 4500 |
| 020 ## - INTERNATIONAL STANDARD BOOK NUMBER |
| ISBN |
0618153993 : |
| 040 ## - CATALOGING SOURCE |
| Transcribing agency |
JQJ |
| 082 ## - DEWEY DECIMAL CLASSIFICATION NUMBER |
| Classification number |
823 HOU 2001 A093 Or. |
| 100 1# - MAIN ENTRY--AUTHOR NAME |
| Personal name |
Tolkien, J. R. R. |
| 245 14 - TITLE STATEMENT |
| Title |
The two towers : |
| Remainder of title |
being the second part of The Lord of the rings / |
| 260 ## - PUBLICATION, DISTRIBUTION, ETC. (IMPRINT) |
| Place of publication |
Boston, Mass. : |
| Name of publisher |
Houghton Mifflin, |
| Year of publication |
[2001], c1994 |
| 300 ## - PHYSICAL DESCRIPTION |
| Number of Pages |
352 p. : |
| Other physical details |
folded map ; |
| Dimensions |
23 cm. |
| 490 1# - SERIES STATEMENT |
| Series statement |
The Lord of the rings ; |
| 500 ## - GENERAL NOTE |
| General note |
Folded map tipped in. |
| 500 ## - GENERAL NOTE |
| General note |
"The text of this edition conforms to the standard Houghton Mifflin hardcover edition published in 1988"--t.p. verso |
| 650 #0 - SUBJECT ADDED ENTRY--TOPICAL TERM |
| Topical Term |
Middle Earth (Imaginary place) |
| 650 #0 - SUBJECT ADDED ENTRY--TOPICAL TERM |
| Topical Term |
Fantasy fiction, English. |
| 942 ## - ADDED ENTRY ELEMENTS (KOHA) |
| Koha item type |
សៀវភៅភាសាអង់គ្លេស |
| 952 ## - LOCATION AND ITEM INFORMATION (KOHA) |
| Withdrawn status [LOCAL, KOHA] |
0 |